[Event "Euskadi-chTB"]
[Site "Euskadi"]
[Date "2000.12.02"]
[Round "3"]
[White "Roman Mediavilla, Jorge"]
[Black "Sola Arrondo, Alfredo"]
[Result "0-1"]
[WhiteElo "2007"]
[BlackElo "1840"]
[PlyCount "64"]
[EventDate "2000.11.18"]
[EventType "team"]
[EventRounds "9"]
[EventCountry "ESP"]
[SourceTitle "EXT 2006"]
[Source "ChessBase"]
[SourceDate "2005.11.24"]
[SourceVersion "1"]
[SourceVersionDate "2005.11.24"]
[SourceQuality "1"]

1. c4 Nf6 2. Nc3 g6 3. g3 d5 4. cxd5 Nxd5 5. Bg2 c6 6. h4 Bg4 7. Qa4 Nf6 8. d3 Bg7 9. Nh3 Nbd7 10. Nf4 Nb6 11. Qb3 e5 12. Nh3 h6 13. Be3 0-0 14. Bxb6 axb6 15. 0-0 Qd7 16. Kh2 b5 17. f3 Be6 18. Qc2 b4 19. Na4 Qc7 20. Nc5 Bc8 21. Nf2 Nd5 22. Qd2 f5 23. e4 Nf6 24. Qxb4 Qe7 25. Qb3+ Kh8 26. Rfc1 f4 27. gxf4 Nh5 28. Kg1 Nxf4 29. Qd1 Qxh4 30. Rc2 Qg3 31. Nh1 Qg5 32. Kf1 Nxg2 0-1

[Event "Pamplona op"]
[Site "Pamplona"]
[Date "1995.??.??"]
[Round "?"]
[White "Sola Arrondo, Alfredo"]
[Black "Ruiz de la Cuesta B, Ramon"]
[Result "0-1"]
[WhiteElo "1790"]
[BlackElo "2050"]
[PlyCount "74"]
[EventDate "1995.??.??"]
[EventType "swiss"]
[EventRounds "9"]
[EventCountry "ESP"]
[SourceTitle "EXT 1999"]
[Source "ChessBase"]
[SourceDate "1998.11.16"]
[SourceVersion "1"]
[SourceVersionDate "1998.11.16"]
[SourceQuality "1"]

1. e4 c5 2. Nf3 Nc6 3. d4 cxd4 4. Nxd4 Nf6 5. Nc3 e5 6. Ndb5 d6 7. Bg5 a6 8. Na3 b5 9. Nd5 Be7 10. Be3 Nxd5 11. exd5 Nb8 12. Qd2 f5 13. g3 0-0 14. c4 bxc4 15. Nxc4 Bb7 16. Bb6 Qe8 17. Rc1 Nd7 18. Bc7 Qg6 19. h4 Rac8 20. Na5 Nc5 21. Nxb7 Rxc7 22. Nxc5 Rxc5 23. Rxc5 dxc5 24. Bc4 Bd6 25. Kf1 f4 26. gxf4 Rxf4 27. Qe2 a5 28. Bd3 Qf6 29. h5 c4 30. Bxc4 e4 31. Rh3 Qf5 32. Re3 Rh4 33. Ke1 Rh1+ 34. Kd2 Rh2 35. Qd1 Qxf2+ 36. Re2 Qd4+ 37. Ke1 Rh1# 0-1